| 000 | 02135nam0a2200397 4500 | ||
|---|---|---|---|
| 001 | RU\NLR\bibl\1468947 | ||
| 005 | 20260407131326.0 | ||
| 010 |
_a978-5-93761-141-3 _9200 |
||
| 021 |
_aRU _b2009-100003 _96355 |
||
| 035 | _a(nilc)RSL-KNO-004480752 | ||
| 035 | _a(NLR Aleph) 001460659 | ||
| 090 |
_a1581225 _c1581225 |
||
| 100 | _a20091210d2009 |||y0rusy50 ca | ||
| 101 | 0 |
_arus _deng |
|
| 102 | _aRU | ||
| 105 | _aa zzzz||||| | ||
| 200 | 1 |
_aУрановые месторождения Монголии _f[Ю. Б. Миронов, А.М. Афанасьев, А.В. Булычев и др. _gред. Ю. Б. Миронов, Ю. М. Шувалов] _gФедеральное агентство по недропользованию (Роснедра), Всероссийский науч.-исслед. геологический ин-т им. А. П. Карпинского (ВСЕГЕИ) |
|
| 210 |
_aСанкт-Петербург _cИзд-во ВСЕГЕИ _d2009 |
||
| 215 |
_a302, [1] с. _cил., цв. ил. _d25 |
||
| 300 | _aАвт. указаны на обороте тит.л. | ||
| 300 | _aРез. на англ. яз. | ||
| 320 | _aБиблиогр.: с. 298-301 (62 назв.) | ||
| 606 | 1 |
_aУрановые руды _xМесторождения _yМонголия _91011151 _3RU\NLR\auth\66384935 |
|
| 686 |
_aД9(54Мо)451.54,0 _2rubbk |
||
| 686 |
_aД451.54,0 _2rubbk |
||
| 686 | _aД451.54-09(54Мо) | ||
| 701 | 1 |
_aМиронов _bЮ. Б. _f1952- _gЮрий Борисович _4070 |
|
| 701 | 1 |
_4070 _8rus _7ca _aАфанасьев _bА. М. _cканд. геол.-минерал. наук _gАлександр Михайлович _3RU\NLR\auth\7757799 _940731 |
|
| 701 | 1 |
_aБулычев _bА. В. _4070 |
|
| 712 | 0 | 2 |
_4570 _aВсероссийский научно-исследовательский геологический институт им. А. П. Карпинского _cСанкт-Петербург _3RU\NLR\AUTH\889983129 _9462177 |
| 801 | 0 |
_aRU _bRuMoRGB _c20091210 _grcr |
|
| 801 | 1 |
_aRU _bRuMoRGB _c20091210 |
|
| 801 | 2 |
_aRU _bNLR _c20100204 _grcr |
|
| 942 | _cBOOK | ||
| 980 | _aNB | ||